000 00446nam a2200205Ia 4500
001 13288
003 GE_BSU
008 181216s||||||||xx |||||||||||||| ||und||
020 _a9780755332182
040 _cGE_BSU
080 _a821.111-32
100 _aO'Flanagan,Shelia.
245 _aBad Behaviour.
260 _aLondon.
260 _bHeadline reviem.
260 _c2007
300 _a598p;18cm.
653 _aBad Behaviour.
942 _cBK
999 _c46450
_d46450